<?xml version="1.0" encoding="UTF-8"?><?xml-stylesheet type="text/xsl" href="static/style.xsl"?><OAI-PMH xmlns="http://www.openarchives.org/OAI/2.0/" xmlns:xsi="http://www.w3.org/2001/XMLSchema-instance" xsi:schemaLocation="http://www.openarchives.org/OAI/2.0/ http://www.openarchives.org/OAI/2.0/OAI-PMH.xsd"><responseDate>2026-04-14T04:51:02Z</responseDate><request verb="GetRecord" identifier="oai:www.recercat.cat:20.500.12327/2907" metadataPrefix="marc">https://recercat.cat/oai/request</request><GetRecord><record><header><identifier>oai:recercat.cat:20.500.12327/2907</identifier><datestamp>2025-10-22T11:26:02Z</datestamp><setSpec>com_2072_4428</setSpec><setSpec>com_2072_4427</setSpec><setSpec>col_2072_487898</setSpec></header><metadata><record xmlns="http://www.loc.gov/MARC21/slim" xmlns:dcterms="http://purl.org/dc/terms/" xmlns:xsi="http://www.w3.org/2001/XMLSchema-instance" xmlns:doc="http://www.lyncode.com/xoai" xsi:schemaLocation="http://www.loc.gov/MARC21/slim http://www.loc.gov/standards/marcxml/schema/MARC21slim.xsd">
   <leader>00925njm 22002777a 4500</leader>
   <datafield ind2=" " ind1=" " tag="042">
      <subfield code="a">dc</subfield>
   </datafield>
   <datafield ind2=" " ind1=" " tag="720">
      <subfield code="a">Ezenarro, Jokin</subfield>
      <subfield code="e">author</subfield>
   </datafield>
   <datafield ind2=" " ind1=" " tag="720">
      <subfield code="a">García Pizarro, Angel</subfield>
      <subfield code="e">author</subfield>
   </datafield>
   <datafield ind2=" " ind1=" " tag="720">
      <subfield code="a">Busto, Olga</subfield>
      <subfield code="e">author</subfield>
   </datafield>
   <datafield ind2=" " ind1=" " tag="720">
      <subfield code="a">de Juan, Anna</subfield>
      <subfield code="e">author</subfield>
   </datafield>
   <datafield ind2=" " ind1=" " tag="720">
      <subfield code="a">Boqué, Ricard</subfield>
      <subfield code="e">author</subfield>
   </datafield>
   <datafield ind2=" " ind1=" " tag="260">
      <subfield code="c">2023-10-09</subfield>
   </datafield>
   <datafield ind2=" " ind1=" " tag="520">
      <subfield code="a">Digital images are commonly used to monitor processes that are based on colour changes due to their simplicity&#xd;
and easy capture. Colour information in these images can be analysed objectively and accurately using colour&#xd;
histograms. One such process is olive ripening, which is characterized by changes in chemical composition,&#xd;
sensory properties and can be followed by changes in physical appearance, mainly colour. The reference method&#xd;
to quantify the ripeness of olives is the Maturity Index (MI), which is determined by trained experts assigning&#xd;
individual olives into a colour scale through visual inspection. Instead, this study proposes a methodology based&#xd;
on Chemometrics Assisted Colour Histogram-based Analytical Systems (CACHAS) to automatically assess the MI&#xd;
of olives based on R, G, and B colour histograms derived from digital images. The methodology was shown to be&#xd;
easily transferable for routine analysis and capable of controlling the ripening of olives. The study also confirms&#xd;
the high potential of digital images to understand the ripening process of olives (and potentially other fruits) and&#xd;
to predict the MI with satisfactory accuracy, providing an objective and reproducible alternative to visual inspection of trained experts.</subfield>
   </datafield>
   <datafield ind1="8" ind2=" " tag="024">
      <subfield code="a">Ezenarro, Jokin, Ángel García-Pizarro, Olga Busto, Anna De Juan, and Ricard Boqué. 2023. “Analysing Olive Ripening With Digital Image RGB Histograms.” Analytica Chimica Acta 1280: 341884. doi:10.1016/j.aca.2023.341884.</subfield>
   </datafield>
   <datafield ind1="8" ind2=" " tag="024">
      <subfield code="a">0003-2670</subfield>
   </datafield>
   <datafield ind1="8" ind2=" " tag="024">
      <subfield code="a">http://hdl.handle.net/20.500.12327/2907</subfield>
   </datafield>
   <datafield ind1="8" ind2=" " tag="024">
      <subfield code="a">https://doi.org/10.1016/j.aca.2023.341884</subfield>
   </datafield>
   <datafield ind2="0" ind1="0" tag="245">
      <subfield code="a">Analysing olive ripening with digital image RGB histograms</subfield>
   </datafield>
</record></metadata></record></GetRecord></OAI-PMH>